[Event "ROU-chT Men Superliga 2018"]
[Site "Sovata"]
[Date "2018.11.28"]
[Round "5"]
[White "Rogozenco, Dorian"]
[Black "Vrencian, Lehel"]
[Result "1-0"]
[WhiteElo "2495"]
[BlackElo "2321"]
[Annotator "TA"]
[PlyCount "119"]
[EventDate "2018.11.24"]
[EventType "team-tourn"]
[EventCountry "ROU"]
[SourceTitle "playchess.com"]
[Source "ChessBase"]
[SourceQuality "1"]

{[%evp 21,119,38,34,18,17,-4,31,47,33,0,0,0,1,0,0,0,0,0,0,-86,-24,-23,-22,-29,34,33,23,33,63,59,72,73,76,75,75,33,33,8,108,74,96,96,96,96,96,60,43,12,12,12,12,15,55,0,71,24,137,137,152,151,144,144,144,144,161,144,144,144,144,128,128,128,129,129,152,152,173,159,441,376,1259,1417,1445,1442,1294,1222,1193,1177,872,925,1277,1379,1564,1539,1335,758,29991,29992,29992,29993]} 1. d4 d5 2. Nf3 Nf6 3. c4 dxc4 4. Qa4+ Nbd7 5. Nc3 e6 6. e4 Be7 {[%cal Bf8e7,Be7c5,Bc5d4][%mdl 32]} 7. Bxc4 {D23: Queen's Gambit Accepted: 3 Nf3 Nf6 sidelines} O-O 8. Qc2 c5 9. dxc5 Bxc5 10. O-O Qc7 11. Qe2 Ne5 {LiveBook: 4 Games} 12. Nxe5 (12. Bf4 Bd6 13. Nxe5 Bxe5 14. Bxe5 Qxe5 {½-½ (31) Melkumyan,H (2642)-Berkes,F (2661) Heraklio 2017}) 12... Qxe5 13. Kh1 Bd4 14. f4 Qc5 15. Bd2 $146 (15. e5 $5 {[%cal Re5f6]} Bxc3 16. bxc3 $11) ({Predecessor:} 15. e5 Bxc3 16. bxc3 {1-0 (38) Kejik,F-Nekvapil,P Moravia 2002}) 15... Bd7 16. Rac1 Bc6 17. e5 Bxc3 $1 18. Bxc3 Nd5 {[#] Hoping for ...Ne3.} 19. Bd2 Qd4 20. Bd3 (20. b3 $11) 20... Rad8 ({Better is} 20... Qxb2 $17 21. Rc2 Qb6) 21. Qe4 $11 Qxe4 22. Bxe4 Nc3 (22... Nb6 $11 23. Bxc6 Rxd2 24. Bxb7 Rxb2) 23. Bxh7+ $14 Kxh7 24. Bxc3 g6 25. Rfd1 Rd5 26. Rxd5 Bxd5 $16 {[%mdl 4096] Endgame KRB-KRB} 27. Bb4 Rd8 28. Kg1 (28. Rc7 {seems wilder.} Bxa2 29. Bd6 Kg8 30. Rxb7 a6 31. Kg1) 28... Bxa2 29. Rc7 Kg8 (29... Rd1+ $11 30. Kf2 Bd5) 30. Rxb7 Rd4 31. Be7 Rxf4 32. h4 {[#] Strongly threatening Bf6.} g5 33. h5 ({Reject} 33. hxg5 $6 a6 $11) 33... Rh4 34. Bf6 {Threatening mate with Rb8+.} (34. Bxg5 $5 {[%cal Rb7b8]} Rxh5 35. Bf6 $14) 34... Rxh5 35. Rxa7 Bd5 36. Rc7 g4 37. b4 ({White should play} 37. Kf2 $14) 37... Kh7 (37... Rf5 $11) 38. b5 {[%cal Bb4b5,Bb5b6][%mdl 32]} g3 (38... Rf5 $1 $11) 39. Rxf7+ Kh6 40. Rg7 Rf5 41. Rxg3 Bc4 42. b6 Rf1+ 43. Kh2 Rb1 44. Bd8 Bd5 45. Rg8 Rb2 46. Kh3 Kh7 47. Rg4 Re2 48. Bc7 Rb2 49. g3 {[%cal Bg2g3,Bg3g4][%mdl 32]} Bg2+ $2 (49... Kh6 $16) 50. Kh4 $18 Bf3 $2 (50... Rb3 51. Kg5 Kg7 52. Kh5+ Kh7) 51. Rf4 Bd5 52. Kg5 Kg7 53. Bd8 Rb3 54. g4 Rb5 55. Ra4 Bf3 56. Ra7+ Kg8 57. Kf6 Bd5 58. Rc7 Rb4 59. Rg7+ Kh8 60. Kf7 {Accuracy: White = 64%, Black = 40%.} 1-0

[Event "ROU-chT Men Superliga 2018"]
[Site "Sovata"]
[Date "2018.11.28"]
[Round "5"]
[White "Grigore, George-Gabriel"]
[Black "Ionescu, Constantin"]
[Result "1-0"]
[WhiteElo "2488"]
[BlackElo "2432"]
[Annotator "TA"]
[PlyCount "71"]
[EventDate "2018.11.24"]
[EventType "team-tourn"]
[EventCountry "ROU"]
[SourceTitle "playchess.com"]
[Source "ChessBase"]
[SourceQuality "1"]

{[%evp 20,71,7,8,5,4,35,42,48,12,57,57,69,66,74,72,141,97,277,139,136,114,110,114,99,113,126,115,112,76,66,66,81,77,118,124,188,189,455,362,342,265,541,528,718,699,864,864,854,785,1770,899,887,875]} 1. d4 Nf6 2. c4 e6 3. Nc3 Bb4 4. Qc2 O-O 5. a3 Bxc3+ 6. Qxc3 d6 7. Nf3 b6 8. g3 Bb7 9. Bg2 Nbd7 10. O-O c5 11. b4 {LiveBook: 29 Games. E32: Nimzo-Indian: Classical (4 Qc2): 4...0-0} Qc7 (11... Qe7 12. Bb2 cxd4 13. Qxd4 Rac8 14. Rfd1 Ne5 15. Nxe5 dxe5 16. Qxe5 Bxg2 17. Kxg2 Rxc4 18. Rac1 Rcc8 19. f3 h6 20. Kf2 Rfd8 21. Qf4 Nd5 22. Qd4 Nf6 23. Qf4 Nd5 24. Qd4 Nf6 25. Qf4 Nd5 {½-½ (25) Ponomariov,R (2714)-Harikrishna,P (2727) Beijing 2014}) 12. Bb2 cxd4 $146 ({Predecessor:} 12... a5 13. dxc5 axb4 14. axb4 bxc5 15. b5 d5 16. cxd5 exd5 17. e3 Qb6 18. Qd3 Rxa1 19. Rxa1 {½-½ (28) Walczak,P (2474)-Schuster,P (2445) ICCF email 2015}) 13. Qxd4 {White is slightly better.} e5 14. Qe3 Rac8 15. Rac1 Qb8 16. Rfd1 Rfd8 17. Bh3 Rc6 (17... Re8 $142) 18. Nh4 $16 d5 $2 (18... Nf8 $16 {keeps fighting.}) 19. cxd5 (19. Nf5 $18) 19... Nxd5 20. Qb3 Rxc1 21. Rxc1 N7f6 22. Nf5 Kf8 23. Bg2 Bc8 24. e4 {[#] Threatens to win with Nh6.} (24. Nxg7 {with more complications.} Ne7 25. f4 b5 26. fxe5 Qb6+ 27. Kh1) 24... Bxf5 25. exf5 Ne7 26. Re1 Nd7 27. f4 {[%cal Bf2f4,Bf4e5,Be5e6][%mdl 32]} Nxf5 (27... e4 $16 28. Bxe4 Nf6) 28. fxe5 $18 {Bh3 is the strong threat.} Re8 $2 (28... b5 {was worth a try.} 29. Kh1 Qb6) 29. Rf1 Nh6 30. e6 Ne5 $2 (30... Nf6 {was necessary.} 31. Bxf6 gxf6 32. Rxf6 Qc7) 31. Qd5 {White is clearly winning.} Nhg4 32. h3 Rd8 33. Qe4 {[%mdl 64] [#] Double Attack} Rd2 34. Bc3 Rd3 35. Rxf7+ {[%mdl 64] Deflection} Nxf7 36. Qxd3 {Accuracy: White = 73%, Black = 27%.} 1-0

[Event "ROU-chT Men Superliga 2018"]
[Site "Sovata"]
[Date "2018.11.28"]
[Round "5"]
[White "Costachi, Mihnea"]
[Black "Balla, Tamas-Kristof"]
[Result "1/2-1/2"]
[WhiteElo "2484"]
[BlackElo "2318"]
[Annotator "TA"]
[PlyCount "62"]
[EventDate "2018.11.24"]
[EventType "team-tourn"]
[EventCountry "ROU"]
[SourceTitle "playchess.com"]
[Source "ChessBase"]
[SourceQuality "1"]

{[%evp 12,62,30,-6,20,7,64,-18,-15,-1,-6,-13,0,-58,-67,-63,0,0,1,-2,-1,-4,21,16,22,0,0,-22,-8,-15,-27,-42,-25,-29,-29,-49,-41,-68,-41,-49,-24,-60,-47,-58,-43,-64,-38,-47,-47,-84,-67,-81,-27]} 1. d4 f5 2. Bg5 g6 3. h4 Bg7 4. Nc3 h6 5. Bf4 Nc6 (5... Nf6 6. e3 d6 7. Qf3 O-O 8. Bc4+ e6 9. O-O-O Qe8 10. Nh3 Nc6 11. d5 Nb4 12. dxe6 Bxe6 {0-1 (24) Iniyan,P (2464)-Dubov,D (2691) Abu Dhabi 2018}) 6. Nf3 {A80: Dutch Defence: Unusual White second moves} d6 7. e3 {LiveBook: 3 Games} Bd7 8. d5 $146 {The position is equal.} ({Predecessor:} 8. Bc4 e5 9. dxe5 dxe5 10. Bg3 Qe7 11. Nd5 Qd6 12. Qe2 {½-½ (34) Oswald,D (2098)-Talsma,P (2186) England 2014}) 8... Ne5 (8... Bxc3+ $11 9. bxc3 Na5) 9. Nd4 (9. Bxe5 $14 dxe5 10. Bc4) 9... c6 $11 10. Qd2 cxd5 11. Nxd5 Rc8 12. Bxe5 ({White should play} 12. O-O-O $11) 12... dxe5 $15 13. Nb3 Nf6 ({Better is} 13... e6 $15 14. Nc3 Nf6) 14. Nxf6+ $11 Bxf6 15. h5 g5 16. O-O-O a6 17. f3 Rc6 18. Be2 Qc7 19. Na5 Rd6 20. Qb4 b5 21. Rd3 Rxd3 22. Bxd3 Kf7 23. e4 f4 24. Kb1 Qd6 $36 {[%mdl 2048] Black has some pressure.} 25. Qe1 g4 26. fxg4 Bxg4 27. Nb3 Rg8 28. Be2 Be6 29. Qf2 Qc6 30. Bd3 Rg5 31. Nd2 Bg4 {Accuracy: White = 39%, Black = 45%.} (31... Rg3 $17) 1/2-1/2

[Event "ROU-chT Men Superliga 2018"]
[Site "Sovata"]
[Date "2018.11.28"]
[Round "5"]
[White "Berescu, Alin-Mile"]
[Black "Cioara, Andrei-Nestor"]
[Result "1/2-1/2"]
[WhiteElo "2450"]
[BlackElo "2427"]
[Annotator "TA"]
[PlyCount "26"]
[EventDate "2018.11.24"]
[EventType "team-tourn"]
[EventCountry "ROU"]
[SourceTitle "playchess.com"]
[Source "ChessBase"]
[SourceQuality "1"]

{[%evp 14,26,29,0,29,16,20,18,21,22,27,4,27,9,24]} 1. e4 d5 2. exd5 Qxd5 3. Nc3 Qa5 4. d4 Nf6 5. Nf3 Bf5 6. Bc4 e6 7. Bd2 {B01: Scandinavian Defence} Bb4 8. Ne5 {LiveBook: 4 Games} Nbd7 9. a3 {White has an edge.} Bxc3 $1 10. Bxc3 Qb6 $1 11. Nxd7 Nxd7 12. O-O O-O-O $146 ({Predecessor:} 12... O-O 13. d5 Rfd8 14. Qf3 {1-0 (27) Adams,M (2742)-Laznicka,V (2676) Baku 2015}) 13. d5 exd5 1/2-1/2

[Event "ROU-chT Men Superliga 2018"]
[Site "Sovata"]
[Date "2018.11.28"]
[Round "5"]
[White "Morozov, Nichita"]
[Black "Georgescu, Tiberiu-Marian"]
[Result "1/2-1/2"]
[WhiteElo "2439"]
[BlackElo "2505"]
[Annotator "RC"]
[PlyCount "38"]
[EventDate "2018.11.24"]
[EventType "team-tourn"]
[EventCountry "ROU"]
[SourceTitle "playchess.com"]
[Source "ChessBase"]
[SourceQuality "1"]
[TimeControl "40/5400+30:1800+30"]

1. e4 {[%emt 0:00:00]} e5 {[%emt 0:02:17]} 2. Nf3 {[%emt 0:00:00]} Nc6 {[%emt 0:00:03]} 3. Bb5 {[%emt 0:00:00]} a6 {[%emt 0:00:03]} 4. Ba4 {[%emt 0:00:00]} Nf6 {[%emt 0:00:06]} 5. O-O {[%emt 0:00:00]} Be7 {[%emt 0:00:26]} 6. Re1 {[%emt 0:00:00]} b5 {[%emt 0:00:07]} 7. Bb3 {[%emt 0:00:05]} d6 {[%emt 0:00:10]} 8. c3 {[%emt 0:00:04]} O-O {[%emt 0:00:16]} 9. d4 {[%emt 0:00:03]} Bg4 {[%emt 0:00:17]} 10. Be3 {[%emt 0:00:04]} exd4 {[%emt 0:01:09]} 11. cxd4 {[%emt 0:00:51]} d5 {[%emt 0:00:08]} 12. e5 {[%emt 0:00:20]} Ne4 {[%emt 0:00:05]} 13. Nc3 {[%emt 0:01:00]} Nxc3 {[%emt 0:03:23]} 14. bxc3 {[%emt 0:00:02]} Bh5 {[%emt 0:06:53]} 15. Bc2 {[%emt 0:03:16]} Na5 {[%emt 0:11:15]} 16. Qb1 {[%emt 0:09:31]} Bg6 {[%emt 0:00:43]} 17. Bxg6 {[%emt 0:01:48]} fxg6 {[%emt 0:01:11]} 18. Nd2 {[%emt 0:03:32]} Qd7 {[%emt 0:02:56]} 19. h3 {[%emt 0:03:58]} g5 {[%emt 0:06:13]} 1/2-1/2

[Event "ROU-chT Men Superliga 2018"]
[Site "Sovata"]
[Date "2018.11.28"]
[Round "5"]
[White "David, Alexandru-Vasile"]
[Black "Iordachescu, Viorel"]
[Result "0-1"]
[WhiteElo "2426"]
[BlackElo "2597"]
[Annotator "TA"]
[PlyCount "40"]
[EventDate "2018.11.24"]
[EventType "team-tourn"]
[EventCountry "ROU"]
[SourceTitle "playchess.com"]
[Source "ChessBase"]
[SourceQuality "1"]

{[%evp 20,40,-13,-23,-13,-51,-51,-94,-100,-112,-107,-114,-104,-204,-217,-352,-366,-701,-696,-689,-693,-1025,-991]} 1. d4 Nf6 2. c4 e6 3. Nc3 Bb4 4. Qc2 O-O 5. a3 Bxc3+ 6. Qxc3 d6 {[%cal Bd7d6,Bd6d5,Bd5d4][%mdl 32]} 7. Bg5 Nbd7 8. e3 b6 9. Ne2 {E32: Nimzo-Indian: Classical (4 Qc2): 4...0-0} c5 (9... Ba6 10. Rd1 h6 11. Bxf6 Nxf6 12. Ng3 c5 13. Be2 Qc7 14. O-O Rac8 15. Rc1 cxd4 16. Qxd4 Rfd8 {½-½ (38) Nakamura,H (2799)-Jakovenko,D (2738) Khanty-Mansiysk 2015}) 10. dxc5 bxc5 11. Qc2 {LiveBook: 3 Games. The position is equal.} d5 $146 ({Predecessor:} 11... Bb7 12. Nc3 Qb6 13. f3 d5 14. Rd1 Bc6 15. Rd2 d4 16. Nd1 e5 17. Bd3 Rfe8 18. Bxf6 Nxf6 {½-½ (41) Bulski,K (2538)-Drasko,M (2447) Warsaw 2013}) 12. O-O-O Qb6 13. Nf4 {[%cal Rc4d5]} Bb7 {[%cal Bc8b7,Bb7c6,Bc6a4][%mdl 32]} 14. f3 Rab8 15. Rd2 Bc6 16. g4 (16. Be2 $17) 16... d4 $19 17. e4 (17. Be2 {might work better.}) 17... Qa5 18. Rd3 $2 {[#]} (18. Nd3 Ba4 19. Qb1) 18... Ne5 {Black is clearly winning.} 19. Bxf6 gxf6 20. Nh5 Ba4 {Accuracy: White =  0%, Black = 87%.} 0-1

[Event "ROU-chT Men Superliga 2018"]
[Site "Sovata"]
[Date "2018.11.28"]
[Round "5"]
[White "Petrisor, Adrian-Marian"]
[Black "Nanu, Costica-Ciprian"]
[Result "1/2-1/2"]
[WhiteElo "2425"]
[BlackElo "2505"]
[Annotator "TA"]
[PlyCount "28"]
[EventDate "2018.11.24"]
[EventType "team-tourn"]
[EventCountry "ROU"]
[SourceTitle "playchess.com"]
[Source "ChessBase"]
[SourceQuality "1"]

{[%evp 21,23,3,20,11]} 1. d4 d5 2. Nf3 Nf6 3. c4 c6 4. cxd5 cxd5 5. Nc3 Nc6 6. Bf4 a6 7. e3 Bg4 8. Be2 Bxf3 9. Bxf3 e6 10. O-O Bd6 11. Bg5 Be7 12. Bxf6 {D13: Slav Defence: Exchange variation without ...Bf5} {Predecessor:} Bxf6 $146 13. a3 Rc8 14. Rc1 O-O {½-½ (14) Movsziszian,K (2531)-Giaccio,A (2475) Mao 2007} 1/2-1/2

[Event "ROU-chT Men Superliga 2018"]
[Site "Sovata"]
[Date "2018.11.28"]
[Round "5"]
[White "Vasiesiu, Dan"]
[Black "Moldovan, Daniel"]
[Result "1/2-1/2"]
[WhiteElo "2394"]
[BlackElo "2406"]
[Annotator "RC"]
[PlyCount "28"]
[EventDate "2018.11.24"]
[EventType "team-tourn"]
[EventCountry "ROU"]
[SourceTitle "playchess.com"]
[Source "ChessBase"]
[SourceQuality "1"]
[TimeControl "40/5400+30:1800+30"]

1. e4 {[%emt 0:00:00]} c5 {[%emt 0:00:00]} 2. Nf3 {[%emt 0:00:00]} d6 {[%emt 0:00:00]} 3. d4 {[%emt 0:00:08]} cxd4 {[%emt 0:00:00]} 4. Nxd4 {[%emt 0:00:10]} Nf6 {[%emt 0:00:02]} 5. Nc3 {[%emt 0:00:06]} Bd7 {[%emt 0:00:05]} 6. f3 {[%emt 0:09:51]} e5 {[%emt 0:00:17]} 7. Nb3 {[%emt 0:00:10]} Be7 {[%emt 0:00:06]} 8. Be3 {[%emt 0:00:14]} O-O {[%emt 0:00:08]} 9. Qd2 {[%emt 0:00:49]} a5 {[%emt 0:00:44]} 10. a4 {[%emt 0:01:22]} Na6 {[%emt 0:00:12]} 11. Nd5 {[%emt 0:12:37]} Nxd5 {[%emt 0:02:02]} 12. exd5 {[%emt 0:00:14]} b6 {[%emt 0:03:07]} 13. Bb5 {[%emt 0:04:04]} Nc5 {[%emt 0:03:59]} 14. Nxc5 {[%emt 0:07:23]} bxc5 1/2-1/2

[Event "ROU-chT Men Superliga 2018"]
[Site "Sovata"]
[Date "2018.11.28"]
[Round "5"]
[White "Secheres, Adrian-Simion"]
[Black "Dobre, Mihai"]
[Result "1/2-1/2"]
[WhiteElo "2388"]
[BlackElo "2104"]
[Annotator "TA"]
[PlyCount "107"]
[EventDate "2018.11.24"]
[EventType "team-tourn"]
[EventCountry "ROU"]
[SourceTitle "playchess.com"]
[Source "ChessBase"]
[SourceQuality "1"]

{[%evp 17,107,28,23,10,18,15,6,15,8,15,11,12,5,10,12,7,13,0,0,-56,0,0,0,0,0,-43,0,-31,16,26,39,0,61,3,9,0,45,0,0,0,0,0,60,0,0,-52,0,0,0,0,0,-22,-22,-13,-34,-39,0,-14,0,-33,-29,-38,10,10,10,10,0,6,8,0,0,0,0,0,0,0,0,0,0,0,0,0,0,0,0,0,0,0,0,0,0,0]} 1. d4 Nf6 2. c4 e6 3. Nc3 d5 4. cxd5 exd5 5. Bg5 c6 6. e3 Bf5 7. Qf3 Bg6 8. Bxf6 Qxf6 9. Qxf6 gxf6 {LiveBook: 380 Games} 10. f3 {D35: Queen's Gambit Declined: Exchange Variation} (10. Nf3 Nd7 11. Nh4 Be7 12. Ne2 f5 13. g3 Bxh4 14. gxh4 Nf6 15. f3 Ke7 16. Rg1 Nh5 17. Kf2 Rae8 18. b4 {½-½ (46) Kramnik,V (2792)-Nisipeanu,L (2672) Dortmund 2018}) 10... Nd7 11. Kf2 O-O-O 12. g3 $146 ({Predecessor:} 12. Nh3 Bd6 13. Nf4 Nf8 14. g3 Ne6 15. h4 h5 16. Bh3 f5 17. Rac1 Kb8 {1-0 (52) Bronis,M (2165)-Janos,J (2152) Slovakia 2013}) 12... Kb8 13. Nge2 h5 14. h4 Re8 15. Nf4 Bd6 16. Be2 Nf8 17. Rae1 Ne6 18. Bd1 (18. Nxg6 $11 fxg6 19. Rb1) 18... Rhg8 (18... Nxf4 $15 19. gxf4 Re6) 19. Rhg1 $11 Rh8 20. a3 a5 21. Be2 Bc7 22. Bf1 Bb6 23. Nce2 Bf5 24. Rh1 Ng7 ({Better is} 24... a4 $11) 25. Nc1 (25. b4 $14) 25... Bc7 26. Rg1 Bc2 27. Bh3 Bf5 28. Bg2 Bb6 29. Nce2 Bd7 (29... Bc8 $11) 30. Nd3 (30. b4 $14) 30... Re7 31. Nc3 ({White should play} 31. Nef4 $11) 31... Nf5 (31... Rhe8 $15) 32. Na4 Bc7 33. Bh3 Nd6 34. Bxd7 Rxd7 35. Ndc5 Rdd8 36. Nc3 Nf5 37. b4 Rhg8 {[%cal Rc7g3]} 38. f4 Kc8 39. b5 Bb6 40. bxc6 {The position is equal.} bxc6 41. N3a4 Bxc5 42. Nxc5 Rde8 43. Re2 Nd6 44. Rb1 Kc7 45. Reb2 Rg7 $1 46. Rb6 Reg8 47. Na6+ Kd7 {[#] Threatens to win with ...Ne4+.} 48. Nc5+ Kc7 49. Ra6 Rxg3 {Strongly threatening ...Rg2+.} 50. Ra7+ Kc8 {aiming for ...Rg2+.} 51. Ra8+ Kc7 52. Ra7+ Kc8 {[#] And now ...Rg2+ would win.} 53. Ra8+ Kc7 54. Ra7+ {Accuracy: White = 46%, Black = 57%.} 1/2-1/2

[Event "ROU-chT Men Superliga 2018"]
[Site "Sovata"]
[Date "2018.11.28"]
[Round "5"]
[White "Vavric, Pavel"]
[Black "Jianu, Vlad-Cristian"]
[Result "1/2-1/2"]
[WhiteElo "2351"]
[BlackElo "2546"]
[Annotator "TA"]
[PlyCount "40"]
[EventDate "2018.11.24"]
[EventType "team-tourn"]
[EventCountry "ROU"]
[SourceTitle "playchess.com"]
[Source "ChessBase"]
[SourceQuality "1"]

{[%evp 25,26,11,10]} 1. d4 Nf6 2. Nf3 e6 3. c4 d5 4. g3 dxc4 5. Bg2 c5 6. O-O Nc6 7. dxc5 Qxd1 8. Rxd1 Bxc5 9. Nbd2 c3 10. bxc3 O-O 11. Nb3 Be7 12. Nfd4 Bd7 13. Nxc6 {E04: Open Catalan: 5 Nf3} Bxc6 {[#] LiveBook: 33 Games} {Predecessor:} 14. Bxc6 $146 bxc6 15. c4 Rfb8 16. f3 Kf8 17. Bd2 Ke8 18. Bc3 g6 19. Kf2 Nd7 20. Ba5 Rb7 {½-½ (45) Eljanov,P (2751)-Wojtaszek,R (2745) Shamkir 2017} 1/2-1/2

[Event "ROU-chT Men Superliga 2018"]
[Site "Sovata"]
[Date "2018.11.28"]
[Round "5"]
[White "Manea, Alexandru"]
[Black "Vedmediuc, Serghei"]
[Result "1/2-1/2"]
[WhiteElo "2347"]
[BlackElo "2472"]
[Annotator "TA"]
[PlyCount "60"]
[EventDate "2018.11.24"]
[EventType "team-tourn"]
[EventCountry "ROU"]
[SourceTitle "playchess.com"]
[Source "ChessBase"]
[SourceQuality "1"]

{[%evp 21,60,48,49,26,28,26,25,0,10,15,12,12,28,26,36,40,48,0,0,-11,-20,-11,-14,-20,-9,-19,0,-9,-6,-15,-8,-15,-14,-21,-20,-17,13,13,7,8,27]} 1. d4 Nf6 2. c4 d6 3. Nf3 g6 4. Nc3 Bg7 5. e4 O-O 6. h3 a6 7. Be3 {E90: King's Indian: Classical: Early deviations and 6 h3} Nbd7 8. Be2 (8. e5 Ne8 9. h4 c5 10. e6 fxe6 11. h5 cxd4 12. Nxd4 Ne5 13. hxg6 hxg6 14. Bd3 {0-1 (49) Parligras,M (2645)-Iordachescu,V (2597) Bucharest 2018}) 8... c5 9. O-O cxd4 10. Nxd4 Re8 11. Rc1 b6 {LiveBook: 3 Games} 12. Qc2 Bb7 13. Qb1 $146 ({Predecessor:} 13. Rfd1 Rc8 14. Qb1 Nc5 15. Bf3 Nfd7 16. b3 Ne5 17. Be2 Nc6 18. Nf3 Ne5 19. Nd4 Nc6 20. Nf3 Ne5 21. Nd4 Nc6 {½-½ (21) Krause,J (2242)-Bjerre,J (2420) Bargteheide 2016}) 13... Rc8 14. b3 Qc7 15. Nf3 Qb8 16. Nd2 Ba8 17. Rfd1 Nc5 18. b4 Ncd7 19. a4 a5 {The position is equal.} 20. Nd5 axb4 21. Qxb4 Bc6 22. a5 bxa5 23. Qxa5 Qa8 24. Qxa8 Bxa8 25. f3 Bc6 26. Rb1 Nc5 27. Rdc1 Nfd7 28. Nb3 e6 29. Nxc5 Nxc5 30. Nc3 f5 {Accuracy: White = 47%, Black = 65%.} 1/2-1/2

[Event "ROU-chT Men Superliga 2018"]
[Site "Sovata"]
[Date "2018.11.28"]
[Round "5"]
[White "Itkis, Boris"]
[Black "Szabo, Attila"]
[Result "1-0"]
[WhiteElo "2325"]
[BlackElo "2263"]
[Annotator "TA"]
[PlyCount "67"]
[EventDate "2018.11.24"]
[EventType "team-tourn"]
[EventCountry "ROU"]
[SourceTitle "playchess.com"]
[Source "ChessBase"]
[SourceQuality "1"]

{[%evp 27,67,0,0,0,6,14,6,8,12,0,0,0,0,0,0,0,50,31,32,10,10,10,12,10,28,0,4,0,7,0,0,0,14,9,277,269,269,269,255,246,29998,29999]} 1. d4 d5 2. c4 e6 3. g3 Nf6 4. Bg2 Be7 5. Nf3 O-O 6. Nc3 b6 7. O-O Bb7 8. Ne5 c6 9. Bf4 Nbd7 10. e4 {E16: Queen's Indian: 4 g3 Bb7 5 Bg2 Bb4+} Nxe5 (10... dxe4 11. Nxe4 Nxe5 12. Nxf6+ Bxf6 13. dxe5 Be7 14. h4 Qxd1 15. Rfxd1 Rfd8 16. a3 Kf8 17. b4 Ke8 {1-0 (30) Vallejo Pons,F (2717)-Karthikeyan,M (2579) Tbilisi 2017}) 11. dxe5 Nxe4 12. Nxe4 dxe4 13. Qg4 Qc7 14. Bxe4 Rfd8 {LiveBook: 3 Games} 15. Rad1 c5 {[#]} 16. Bxb7 $146 ({Predecessor:} 16. Bh6 g6 17. h4 Rab8 18. Bxb7 Qxb7 {½-½ (47) Ivanov,S (2574)-Yemelin,V (2555) St Petersburg 2005}) 16... Qxb7 17. Bh6 {[%csl Gh6][%cal Rg4g7] [#]} g6 18. Bg5 Bxg5 19. Qxg5 Rd4 20. Rxd4 cxd4 $11 {[%mdl 4096] Endgame KQR-KQR} 21. Rd1 Qe4 22. Qf4 Qc2 23. Rxd4 Qxb2 24. Rd7 Qb1+ $1 25. Kg2 Qf5 26. Qd4 $40 {[%mdl 128] White has some attack.} h5 27. h3 Kg7 28. a4 a5 29. Qxb6 Qe4+ 30. Kh2 {Black must now prevent Qxe6.} Qxe5 $2 {[%mdl 8192] [#]} (30... Qf3 $11 {and Black stays safe.}) 31. Rxf7+ $1 $18 {[%mdl 576] Decoy} Kxf7 32. Qb7+ {[%mdl 64] Double Attack} Kf6 33. Qxa8 {White wants to mate with Qf8+.} Qe2 $2 (33... Qc5 $18 34. Kg1 Ke5) 34. Qf8+ {Accuracy: White = 54%, Black = 43%.} 1-0

[Event "ROU-chT Men Superliga 2018"]
[Site "Sovata"]
[Date "2018.11.28"]
[Round "5"]
[White "Ionescu, Doru-Alexandru"]
[Black "Ardelean, George-Catalin"]
[Result "1/2-1/2"]
[WhiteElo "2321"]
[BlackElo "2494"]
[Annotator "TA"]
[PlyCount "80"]
[EventDate "2018.11.24"]
[EventType "team-tourn"]
[EventCountry "ROU"]
[SourceTitle "playchess.com"]
[Source "ChessBase"]
[SourceQuality "1"]

{[%evp 24,80,0,0,0,-5,0,0,-5,0,8,7,64,49,70,54,54,54,54,54,55,59,70,37,51,49,28,50,37,49,221,43,37,30,47,0,0,0,0,0,0,0,18,18,22,25,25,0,20,0,38,3,3,4,231,0,3,-28,-18]} 1. c4 e6 2. Nf3 d5 3. g3 dxc4 4. Qa4+ Nd7 5. Qxc4 Ngf6 6. Bg2 a6 7. Qc2 c5 8. O-O b5 9. b3 Bb7 10. Bb2 Be7 11. d3 O-O 12. Nbd2 Nd5 {A13: English Opening: 1...e6} (12... Rc8 13. Rac1 Qb6 14. Qb1 Rfe8 15. Qa1 Bd6 16. Rc2 e5 17. Rfc1 Rcd8 18. Ng5 Bxg2 19. Kxg2 Qb7+ 20. Kg1 Nd5 {0-1 (66) Can,E (2557)-Cheparinov,I (2685) Gjakova 2016}) 13. Rac1 {LiveBook: 12 Games} Qb6 14. Qb1 Rfc8 {The position is equal.} 15. Rfd1 $146 ({Predecessor:} 15. Qa1 Bf8 16. a3 h6 17. Rc2 a5 18. a4 Nb4 19. Rcc1 Bd5 20. Ne5 Nxe5 21. Bxe5 {½-½ (41) Gisbrecht,E (2405)-Sjodahl,P (2420) Germany 1999}) 15... Rc7 16. Qa1 f6 17. a3 {Black must now prevent e4.} Qa7 (17... Bf8 $11) 18. d4 $14 Rac8 19. Bh3 Nf8 $1 20. e4 Nb6 21. dxc5 Bxc5 22. b4 Be7 $1 23. Bd4 Ba8 24. Be3 Qb7 25. Rxc7 Rxc7 26. Nd4 Kf7 $2 {[#]} ({Better is} 26... f5 $14) 27. Bg2 $2 ({White should play} 27. Nxe6 $1 $18 {[%mdl 512]} Nxe6 28. Bxe6+ Kf8 29. Rc1) 27... Na4 28. Rc1 g6 29. N2b3 e5 30. Na5 Rxc1+ 31. Qxc1 Qd7 32. Ndc6 Bd8 33. Nxd8+ Qxd8 34. Qc2 Ne6 35. Qb3 Qd6 36. Qc2 Qd7 37. Bh3 Ke7 38. Nb3 Nd4 $2 (38... Qc6 $11 39. Qxc6 Bxc6) 39. Bxd4 $2 (39. Nxd4 $18 Qxh3 {[#]} 40. Nf5+ $1 {[%mdl 512]} gxf5 41. Qc7+ Ke8 42. Qb8+ {[%mdl 64] Double Attack} Kd7 43. Qa7+ {[%mdl 64] Double Attack} (43. Qxa8 f4 $11) 43... Kd6 44. Qxa8 fxe4 45. Qxa6+ Ke7 46. Qb7+ (46. Qxb5 Qd7 $16) 46... Qd7 47. Qxe4) 39... Qxh3 $11 40. Qc7+ Qd7 {Accuracy: White = 60%, Black = 39%.} 1/2-1/2